| 000 | 00468cam a2200181ua 4500 | ||
|---|---|---|---|
| 020 | _c2.00 | ||
| 041 |
_amal _h |
||
| 082 |
_a894.81209 _bCHA/PR |
||
| 100 | _aChattaampi, Swamikal . | ||
| 245 |
_aPracheenamalayalam / _cChattampi Swamikal. _hTextual Documents |
||
| 250 |
_a1 / _b. |
||
| 260 |
_aKottayam : _bSahitya Pravarthaka Co-operative Society , _c1962. |
||
| 300 | _a168 ; . | ||
| 365 | _a2.00 | ||
| 504 | _a | ||
| 942 | _cBK | ||
| 999 |
_c11684 _d11684 |
||